Statistics for NBA By Season (2022-2023)

Click here to take the quiz!

General Stats

  • This quiz has been taken 30 times
  • The average score is 8 of 12

Answer Stats

QuestionAnswer% Correct
What Miami Heat Player, known for his #40, retires after 20 years?Udonis Haslem
96%
After 4 years on the Brooklyn Nets, which player was acquired by the Phoenix Suns on the Trade Deadline?Kevin Durant
89%
Which team won the Eastern Conference Play-In?Miami Heat
85%
Which team was Head Coach Ime Udoka suspended from for the season after accusations of “inappropriate behaviour”?Celtics
78%
Which player was traded to the Cavaliers from the Jazz in exchange for Ochai Agbaji, Lauri Markkanen and Collin Sexton?Donovan Mitchell
78%
Who was traded from the Jazz to the Timberwolves in exchange for Malik Beasley, Patrick Beverly, Leandro Bolmaro and Jarred Vanderbilt?Rudy Gobert
78%
Which player went #1 in the draft class of the season?Paolo Banchero
74%
Which team had the most awards from the season, earning Clutch Player, Coach & Executive Of The Year?Sacramento Kings
74%
Which team had 2 International Pre-Season games in Edmonton and Montreal?Toronto Raptors
59%
What was the end result of the Suns-Clippers first round series?4-1
52%
Which 3x NBA Champion and father of then Rockets Head Coach Stephen Silas passed away on December 10, 2022?Paul Silas
48%
Which player also announced his retirement on May 22, after a 19 year career?Carmelo Anthony
37%

Score Distribution

Percentile by Number Answered

Percent of People with Each Score

Your Score History

You have not taken this quiz